000 00787nam a2200265Ia 4500
003 OSt
005 20220926012129.0
006 a|||||r|||| 00| 0
007 ta
008 220923b |||||||| |||| 00| 0 eng d
037 _cGeneral Book
040 _aRTL
_cRTL
_beng
041 _2eng
_aeng
082 _aT4:7(W).7914.N6, L0
100 _aBonilla Frank
_9315558
245 0 _aStudent politics in Chile
260 _aNew York
_bBasic Books U S A
_c1970
300 _axiv,367p.
_ccm.
490 _aStudents Movement - Past And Present
500 _aAppendix p. 313-62
650 _aEducation - University
_9237429
700 _a Glazer Myron
_9315559
942 _hT4:7(W).7914.N6, L0
_cGB
_2CC
999 _c621793
_d621793